000 00279nam a2200109Ia 4500
008 190913s9999||||xx |||||||||||||| ||und||
100 _aPaul Bennett
245 2 _aA Course in Generalized Phrase Structure Grammer
260 _aUK
_b McGraw Hill
_c1997
300 _a224
942 _cBK
999 _c8169
_d8169